00703nam a22002057a 4500008004100000040001800041041000800059100001700067245006900084250001100153260003900164300001800203490002700221500010000248650002700348650003700375650002700412700002700439765003100466130821s1959 sp gr spa  aCo-BoUCMbspa00aspa aRoguet, A. M00aNos cambian la religióncPor A. M. RogueteTr Joaquín Gumbau a1a. ed aBarcelona (España)bEstelac1959 a173 páginas aTout le Monde en Parle aIncluye bibliografía e índice. -- Este libro se encuentra en el depósito de la biblioteca04aMovimiento litúrgico04aReforma de la Iglesia Católica04aReforma de la liturgia aGumbau, Joaquín.eTr tOn nous change la religion